00542nam a22001937a 450000500170000001000130001702000220003003500130005203700160006504000120008108200160009324500780010926000330018727000540022030000280027465000130030265000120031570000210032720170124110022.0 aB-161700 c00.00a818909355X aB-161700 bCen Lib/Ret aDPLbEN a530.03bIIL a Illustrated dictionary of physics /ccompiled & edited by Hillary Walter aNew DelhibLotus Pressc2006 a4263/3, Ansari Road, DaryaganjbNew Delhie110002 a200p. :bill.c21cm(Hb) aScience  aPhysics aWalter, Hillary